Бизнес-планирование. Теория и практика: учебное пособие
| Hlavní autor: | |
|---|---|
| Shrnutí: | Учебное пособие состоит из двух частей: книги и компакт-диска. В книге на обширном теоретическом и практическом материале рассмотрены основы, инструментарий и технологии бизнес-планирования. Подробно разбираются такие вопросы, как методическое и информационное обеспечение планирования, анализ рынка и многое другое. Отдельное внимание уделяется правильным методам оценки бизнес-моделей, оформлению бизнес-плана, стратегии маркетингового планирования и финансового анализа. Учебный комплекс включает в себя презентации лекций в формате Power Point, обеспечивающие наглядность передачи и восприятия материала, тесты для проведения контроля за усвоением знаний, шаблоны бизнес-плана, практикум по бизнес-планированию, практикум по применению аналитической системы Project Expert, краткий словарь основных терминов, примеры реальных бизнес-планов. Учебное пособие предназначено для преподавателей и студентов экономических вузов. Также рекомендуется руководителям и менеджерам предприятий, специалистам, бизнесменам и всем, кто изучает современный менеджмент. |
| Jazyk: | ruština |
| Vydáno: |
Санкт-Петербург, Питер, 2013
|
| Edice: | Учебное пособие Стандарт третьего поколения Для бакалавров и специалистов |
| Témata: | |
| Médium: | MixedMaterials |
| KOHA link: | https://koha.lib.tpu.ru/cgi-bin/koha/opac-detail.pl?biblionumber=253315 |
MARC
| LEADER | 00000nmm0a2200000 4500 | ||
|---|---|---|---|
| 001 | 253315 | ||
| 005 | 20231101232830.0 | ||
| 010 | |a 9785459010657 | ||
| 035 | |a (RuTPU)RU\TPU\book\275701 | ||
| 035 | |a RU\TPU\book\171246 | ||
| 090 | |a 253315 | ||
| 100 | |a 20090415d2013 m y0rusy50 ca | ||
| 101 | 0 | |a rus | |
| 102 | |a RU | ||
| 105 | |a a j 001zy | ||
| 200 | 1 | |a Бизнес-планирование. Теория и практика |e учебное пособие |f Н. Д. Стрекалова | |
| 210 | |a Санкт-Петербург |c Питер |d 2013 | ||
| 215 | |a 352 с. |c ил. |e CD-ROM | ||
| 225 | 1 | |a Учебное пособие | |
| 225 | 1 | |a Стандарт третьего поколения | |
| 225 | 1 | |a Для бакалавров и специалистов | |
| 320 | |a Библиогр.: с. 349-352. | ||
| 330 | |a Учебное пособие состоит из двух частей: книги и компакт-диска. В книге на обширном теоретическом и практическом материале рассмотрены основы, инструментарий и технологии бизнес-планирования. Подробно разбираются такие вопросы, как методическое и информационное обеспечение планирования, анализ рынка и многое другое. Отдельное внимание уделяется правильным методам оценки бизнес-моделей, оформлению бизнес-плана, стратегии маркетингового планирования и финансового анализа. Учебный комплекс включает в себя презентации лекций в формате Power Point, обеспечивающие наглядность передачи и восприятия материала, тесты для проведения контроля за усвоением знаний, шаблоны бизнес-плана, практикум по бизнес-планированию, практикум по применению аналитической системы Project Expert, краткий словарь основных терминов, примеры реальных бизнес-планов. Учебное пособие предназначено для преподавателей и студентов экономических вузов. Также рекомендуется руководителям и менеджерам предприятий, специалистам, бизнесменам и всем, кто изучает современный менеджмент. | ||
| 606 | 1 | |a Бизнес-план |x Экономическая теория |2 stltpush |3 (RuTPU)RU\TPU\subj\28639 |9 52154 | |
| 606 | 1 | |a Бизнес-план |x Составление |2 stltpush |3 (RuTPU)RU\TPU\subj\28640 |9 52155 | |
| 610 | 1 | |a экономика | |
| 610 | 1 | |a бизнес | |
| 610 | 1 | |a бизнес-планирование | |
| 610 | 1 | |a методология | |
| 610 | 1 | |a стратегическое планирование | |
| 610 | 1 | |a информационное обеспечение | |
| 610 | 1 | |a бизнес-идеи | |
| 610 | 1 | |a бизнес-модели | |
| 610 | 1 | |a требования | |
| 610 | 1 | |a разработка | |
| 610 | 1 | |a структура | |
| 610 | 1 | |a содержание | |
| 610 | 1 | |a анализ | |
| 610 | 1 | |a рынок | |
| 610 | 1 | |a маркетинг | |
| 610 | 1 | |a финансовый план | |
| 610 | 1 | |a организационный план | |
| 610 | 1 | |a риски | |
| 610 | 1 | |a оценка | |
| 610 | 1 | |a расчеты | |
| 610 | 1 | |a проекты | |
| 610 | 1 | |a информационные технологии | |
| 610 | 1 | |a учебные пособия | |
| 610 | 1 | |a CD-ROM | |
| 686 | |a У012.12я73 |v LBC/SL-A |2 rubbk | ||
| 686 | |a У9(2)29-23я73 |v LBC/SL-A |2 rubbk | ||
| 700 | 1 | |a Стрекалова |b Н. Д. |g Наталья Дмитриевна | |
| 801 | 1 | |a RU |b 63413507 |c 20140312 | |
| 801 | 2 | |a RU |b 63413507 |c 20150505 |g RCR | |
| 900 | |a Бизнес-планирование | ||
| 900 | |a Стратегический менеджмент | ||
| 900 | |a Информационные технологии в маркетинге | ||
| 942 | |c MX | ||
| 959 | |a 47/20140312 |d 7 |e 336,00 |f ЧЗГЛ:1 |f АНЛ:1 |f УФ:5 | ||